1008 1204 1436 1200 1691 1207 1191 1940 1364 1216 1287 1544 1486 1346 1772 1951 1663 1666 1769 1034 1528 1074 1013 1223 1508 1730 1761 1315 1582 1641 1389 1133 1747 1150 1665 1975 1427 1914 1062 1819 1575 1365 1823 1582 1342 1758 1816 1784 1691 1077 1119 1550 1100 1987 1599 1733 1353 1510 1780 1579 1316 1854 1228 1693 1571 1275 1822 1237 1288 1084 1028 1060 1916 1557 1663 1817 1473 1109 1307 1621 1573 1569 1721 1315 1029 1896 1216 1439 1527 1827 1133 1169 1313 1308 1081 1498 1826 1047 1873 BCNSPRNW ULIB Ver.6.0+V

เปลี่ยนเป็นภาษาไทย

Change to English
 แสดงรายละเอียดบรรณานุกรม
  กลับหน้าหลัก

Brief Record : Get Marc (ISO 2709) : E-mail record : QR code < ปิดหน้าต่าง
LEADER : 00000nam 2200000uu 4500
001    13399122727
003     ULIB
008    020711s2555 th a 000 0 tha d
020    9786162132148
050  4 DS520^bส834ส
100    สุภฤกษ์ บุญทอง
245    สวัสดี...เมืองไทย/^cสุภฤกษ์ บุญทอง
250    พิมพ์ครั้งที่ 1
260    กรุงเทพฯ :^bสกายบุ๊กส์,^c2555
300    72 หน้า
440  0 ชุด ประชาคมอาเซียนฉบับการ์ตูน
650  7 อาเซียน^xเสริมความรู้
650  7 ไทย
945    ^p119^l0^i20169
999    ^aทศพร เกษรทอง
รายการนี้ยังไม่มีแท็ก
คุณยังไม่ได้ล็อกอิน คุณสามารถมีกิจกรรมร่วมกับเว็บไซต์ได้ แต่ต้องล็อกอินก่อน ::
  ล็อกอิน

รายการสื่อสารสนเทศ

ลำดับที่ ประเภท เลขเรียก/บาร์โค้ด สถานที่ สถานะ
1. การศึกษาทั่วไป
การศึกษาทั่วไป
DS520 ส834ส ฉ.1 
  Barcode: 20169
ห้องสมุดวิทยาเขตนครสวรรค์
►หนังสือทั่วไป:l:General Books
บนชั้น

รายการใกล้เคียง
    ผู้แต่ง [สุภฤกษ์ บุญทอง]

    หัวเรื่อง [ไทย]

BibComment


ยังไม่เคยถูกคอมเมนท์

คอมเมนท์ทรัพยากรรายการนี้
  คอมเมนท์: สวัสดีเมืองไทย สุ..


 Copyright 2026. Bcnsprnw @Library